|
|
|
|
| LEADER |
00000nab a2200000 a 4500 |
| 001 |
vtls008154639 |
| 003 |
SK-MaSNL |
| 005 |
20260304225002.0 |
| 008 |
250505c2004 xo mr|p|||||||000 b|slo |
| 015 |
|
|
|a SNBRB2005/05
|2 snkbucl
|
| 035 |
|
|
|a (uuid)0f7fa5e1-84c0-481a-ac12-deb6bfc37f99
|
| 035 |
|
|
|a urn:nbn:sk:snk-abbyti
|
| 035 |
|
|
|a (urnnbn)urn:nbn:sk:snk:ar-003t0q
|
| 038 |
|
|
|a SNKBUCL
|
| 040 |
|
|
|a SNKBUCL
|b slo
|c SNKBUCL
|e AACR2
|
| 041 |
0 |
|
|a slo
|a cze
|
| 044 |
|
|
|a xo
|c SK
|
| 080 |
|
|
|a 82:929:821.162.3
|2 1997
|
| 080 |
|
|
|a 821.162.3:929
|2 1997
|
| 080 |
|
|
|a 929 Klíma, Ivan
|2 1997
|
| 100 |
1 |
|
|a Grupač, Marián,
|d 1973-
|4 ivr
|4 aut
|9 88309
|
| 245 |
1 |
0 |
|a "Obávám se, že nové století nebude méně šílené, než to minulé"
|b rozhovor s českým spisovateľom a dramatikom Ivanom Klímom
|c otázky nakládol: Marián Grupač
|
| 504 |
|
|
|a Chronologický súpis autorových diel na s. 5
|
| 600 |
1 |
7 |
|a Klíma, Ivan,
|d 1931-2025
|2 snkbucl
|9 122814
|
| 700 |
1 |
|
|a Klíma, Ivan,
|d 1931-2025
|4 ive
|9 122814
|
| 773 |
0 |
|
|t Dotyky
|g Roč. XVI, č. 2-3 (2004), s. 2-5
|x 1210-2210
|
| 850 |
|
|
|a Slovenská národná knižnica
|
| 852 |
|
|
|a Slovenská národná knižnica
|
| 958 |
|
|
|a article15
|
| 958 |
|
|
|a OND
|
| 958 |
|
|
|a LX
|
| 958 |
|
|
|a CZ
|
| 958 |
|
|
|a BC
|
| 958 |
|
|
|a EUIPO
|
| 999 |
|
|
|c 3175136
|d 3177066
|